000 00453nam a2200193Ia 4500
005 20240823012702.0
008 240823s9999||||xx |||||||||||||| ||und||
020 _a1-55615-853-X
041 _aENGLISH
082 _A005.71369 N6
100 _aMicrosoft
245 0 _aMicrosoft Exchange : Step by Step
250 _a1st
260 _c1996
_bMicr
500 _aYES
650 _aMicro Computer
_bComputer Science
942 _cBK
999 _c165101
_d165101